000 00327nam a2200133Ia 4500
008 210210b1980 xxu||||| |||| 00| 0 eng d
082 _aS891.4 RAMS
100 _aRAMAKAVI.
245 _aSangita Raghavam.
260 _aMaisuru
_bVishvavidyalaya
_c1980
300 _a63
690 _aSanskrit Prose & Champu
906 _aSG02472
999 _c113380
_d113380